| 000 | 01170cam a2200349 a 4500 | ||
|---|---|---|---|
| 001 | 6740 | ||
| 003 | FISKH | ||
| 005 | 20250530114326.0 | ||
| 008 | 090901s2010 nyua j 000 1 eng | ||
| 010 | _a 2009031270 | ||
| 020 | _a9780448453767 (pbk.) | ||
| 020 | _a9780448453767 | ||
| 040 |
_aDLC _cDLC _dDLC _beng |
||
| 050 | _aPZ7.M44646 | ||
| 082 | _a 544 | ||
| 100 | _aWells, Rosemary | ||
| 245 | 0 | 0 | _aMax's checkup / |
| 250 | _aThis edition published in 2011 | ||
| 260 |
_aNew York : _bPenquin Young Readers, _c2010. |
||
| 300 |
_a32 pages : _bcolor illustrations ; _c23 cm |
||
| 490 | 0 |
_aAll aboard reading. Level 1, beginning to read _3Penguin Young Readers : _vLevel 2 |
|
| 500 | _a"Based upon the animated series Max & Ruby"--Verso t.p. | ||
| 505 | _aG | ||
| 520 | _aRuby wants to play doctor and give Max a checkup. But Max wants to draw. Will they agree on what to play? | ||
| 521 | 8 |
_a340
_bLexile estiamte |
|
| 521 | 8 |
_aG
_bRaz-Plus |
|
| 650 |
_aBunnies _vChildren's Book _xDoctor |
||
| 730 | 0 | _aMax & Ruby (Television program) | |
| 906 |
_a7 _bcbc _corignew _d1 _eecip _f20 _gy-gencatlg |
||
| 942 |
_2ddc _cBK _n0 |
||
| 999 |
_c6740 _d6740 |
||